Bioquímica ilustrada (Registro nro. 3513)

Detalles MARC
000 -CABECERA
Longitud fija campo de control 01197nam a2200325 a 4500
001 - NÚMERO DE CONTROL
Número de control 13264380
003 - IDENTIFICADOR DELl NÚMERO DE CONTROL
Identificador del número de control OSt
005 - FECHA Y HORA DE LA ÚLTIMA TRANSACCIÓN
Fecha y hora de la última transacción 20151217104822.0
007 - CAMPO FIJO DE DESCRIPCIÓN FÍSICA
Campo fijo de descripción f&íacute;sica t|
008 - CÓDIGOS DE INFORMACIÓN DE LONGITUD FIJA
Códigos de información de longitud fija 030707c2010 mex spa
020 ## - NÚMERO INTERNACIONAL NORMALIZADO PARA LIBROS
Número Internacional Normalizado para Libros (ISBN) 978-607-15-0304-6
040 ## - FUENTE DE LA CATALOGACIÓN
Centro catalogador de origen InU-D
Lengua de catalogación eng
Centro transcriptor BMC
Centro modificado NBuU-H
-- TxCM
-- DLC
-- NSDP
-- MCM
-- DNLM
-- InU
-- OCoLC
-- UKMGB
-- OCoLC
082 ## - NÚMERO DE LA CLASIFICACIÓN DECIMAL DEWEY
Númeroo de clasificación 612.015
082 ## - NÚMERO DE LA CLASIFICACIÓN DECIMAL DEWEY
Númeroo de clasificación 611.018
100 1# - PUNTO DE ACCESO PRINCIPAL-NOMBRE DE PERSONA
9 (RLIN) 8160
Nombre de persona Harper, Harold Anthony
Fechas asociadas al nombre 1911-1988
245 10 - MENCIÓN DE TÍTULO
Título Bioquímica ilustrada
Mención de responsabilidad, etc. Harper ; [editores], Robert K. Murray ... [et al.] ; [coautores, Daryl K. Granner ... et al.] ; traducción, Bernardo Rivera Muñoz
250 ## - MENCIÓN DE EDICIÓN
Mención de edición 28ª ed
260 ## - PUBLICACIÓN, DISTRIBUCIÓN, ETC. (PIE DE IMPRENTA)
Lugar de publicación, distribución, etc. México, D.F. [etc.]
Nombre del editor, distribuidor, etc. McGraw-Hill
Fecha de publicación, distribución, etc. cop. 2010
300 ## - DESCRIPCIÓN FÍSICA
Extensión XII, 687 p.
Otras características físicas il. col.
Dimensiones 29 cm
500 ## - NOTA GENERAL
Nota general Índice p. 651-687
594 ## - NOTA AL TÍTULO Y MENCIÓN DE RESPONSABIBLIDAD
Nota Al Título Y Mención De Responsabilidad Traducción de: Harper's illustrated biochemistry, 28th ed.
594 ## - NOTA AL TÍTULO Y MENCIÓN DE RESPONSABIBLIDAD
Nota Al Título Y Mención De Responsabilidad Precede al tít.: A Lange medical book
650 24 - PUNTO DE ACCESO ADICIONAL DE MATERIA - TÉRMINO DE MATERIA
Término de materia o nombre geográfico como elemento inicial Bioquímica
9 (RLIN) 8014
650 24 - PUNTO DE ACCESO ADICIONAL DE MATERIA - TÉRMINO DE MATERIA
Término de materia o nombre geográfico como elemento inicial Biología molecular
9 (RLIN) 4163
700 1# - PUNTO DE ACCESO ADICIONAL - NOMBRE DE PERSONA
9 (RLIN) 8065
Nombre de persona Rivera Muñoz, Bernardo
700 1# - PUNTO DE ACCESO ADICIONAL - NOMBRE DE PERSONA
9 (RLIN) 8269
Nombre de persona Granner, Daryl K.
700 1# - PUNTO DE ACCESO ADICIONAL - NOMBRE DE PERSONA
9 (RLIN) 8064
Nombre de persona Murray, Robert K.
730 0# - PUNTO DE ACCESO ADICIONAL - TÍTULO UNIFORME
9 (RLIN) 8270
Título uniforme Harper's illustrated biochemistry
Lengua de la obra Español
942 ## - ENTRADA DE ELEMENTOS AGREGADOS (KOHA)
Fuente de clasificaión o esquema Dewey Decimal Classification
Koha [por defecto] tipo de item 1- Monografias
Parte de clasificación prozim
Existencias
Suprimido Perdido Fuente de clasificación o esquema Estropeado Restricciones de uso No para préstamo Código de colección Localización permanente Localización actual Localización en estanter&íacute;as Fecha adquisición Fuente de adquisición Número de inventario Préstamos totales Renovaciones totales Signatura completa Código de barras Fecha última consulta Fecha último préstamo Coste, precio reemplazado Fecha del precio de reemplazo Tipo de item de Koha
NULL NULL Dewey Decimal Classification NULL Prestable NULL NULL Biblioteca Miguel de Cervantes - UNICAES Biblioteca Miguel de Cervantes - UNICAES Sala Principal 29/10/2013 Donación - Facultad de Ciencias y Humanidades 005682 40 4 612.015 HAR bio 1005682 27/02/2024 27/02/2024 45.00 29/10/2013 1- Monografias
NULL NULL Dewey Decimal Classification NULL Prestable NULL NULL Biblioteca Miguel de Cervantes - UNICAES Biblioteca Miguel de Cervantes - UNICAES Sala Principal 29/10/2013 Donación - Facultad de Ciencias y Humanidades 005683 39 3 612.015 HAR bio 1005683 23/10/2023 20/10/2023 45.00 29/10/2013 1- Monografias
NULL NULL Dewey Decimal Classification NULL Prestable NULL NULL Biblioteca Miguel de Cervantes - UNICAES Biblioteca Miguel de Cervantes - UNICAES Sala Principal 29/10/2013 Donación - Facultad de Ciencias y Humanidades 005684 18 2 612.015 HAR bio 1005684 26/06/2024 25/06/2024 45.00 29/10/2013 1- Monografias
NULL NULL Dewey Decimal Classification NULL Prestable NULL NULL Biblioteca Miguel de Cervantes - UNICAES Biblioteca Miguel de Cervantes - UNICAES Sala Principal 22/12/2015 Donación - Facultad de Ciencias de la Salud 031535 43 9 612.015 HAR bio 1035843 16/05/2018 16/05/2018 45.00 22/12/2015 1- Monografias
NULL NULL Dewey Decimal Classification NULL   NULL NULL Biblioteca Miguel de Cervantes - UNICAES Biblioteca Miguel de Cervantes - UNICAES Sala Principal 22/12/2015 Donación - Facultad de Ciencias de la Salud 031536 20 2 612.015 HAR bio 1035844 31/03/2016 31/03/2016 45.00 22/12/2015 1- Monografias
NULL NULL Dewey Decimal Classification NULL Prestable NULL NULL Biblioteca Miguel de Cervantes - UNICAES Biblioteca Miguel de Cervantes - UNICAES Sala Principal 22/12/2015 Donación - Facultad de Ciencias de la Salud 031537 61 13 612.015 HAR bio 1035845 14/03/2025 14/03/2025 45.00 22/12/2015 1- Monografias